[Event "Bad Woerishofen op"]
[Site "?"]
[Date "2007.03.08"]
[Round "1"]
[White "Erenska-Barlo, Hanna"]
[Black "Klaus, Daniel"]
[Result "1-0"]
[WhiteElo "2275"]
[BlackElo "1998"]
[PlyCount "73"]

1. e4 c5 2. Nf3 e6 3. Qe2 Nc6 4. c3 d5 5. d3 Nf6 6. e5 Nd7 7. g3 b6 8. Bg2 Qc7
9. Bf4 Ba6 10. O-O Rd8 11. Re1 g6 12. h4 Bg7 13. Nbd2 O-O 14. Rac1 Rfe8 15. a3
Qb8 16. Nf1 c4 17. d4 b5 18. N1h2 Qb6 19. Ng4 Ne7 20. Bg5 Bh8 21. Qd2 Rb8 22.
Nh6+ Kf8 23. Qf4 Nf5 24. Nxf7 Kxf7 25. g4 Rg8 26. Kh1 Ke8 27. gxf5 gxf5 28. Bh3
Nf8 29. h5 Qc7 30. Qh4 Bc8 31. Rg1 Qf7 32. Bd8 Rxg1+ 33. Rxg1 Bb7 34. Bf6 Bxf6
35. exf6 Qc7 36. Rg7 Qd6 37. Ne5 1-0

[Event "Bad Woerishofen op"]
[Site "?"]
[Date "2007.03.08"]
[Round "1"]
[White "Skembris, Spiridon"]
[Black "Mader, Sascha"]
[Result "1-0"]
[WhiteElo "2459"]
[BlackElo "2060"]
[PlyCount "65"]

1. d4 e6 2. c4 b6 3. Nf3 Bb7 4. g3 f5 5. Bg2 Nf6 6. O-O Be7 7. Nc3 Ne4 8. Qc2
Nxc3 9. Qxc3 Be4 10. Rd1 Bf6 11. Bf4 d6 12. Be5 Nd7 13. Bxf6 Qxf6 14. Rac1 a5
15. Qa3 O-O 16. Qa4 Rfd8 17. Ne1 c5 18. dxc5 Nxc5 19. Qb5 Rab8 20. Bxe4 fxe4
21. Rc2 d5 22. cxd5 exd5 23. e3 d4 24. Qc4+ Ne6 25. Rxd4 Rxd4 26. exd4 Rd8 27.
d5 Nd4 28. Rd2 e3 29. fxe3 Nf3+ 30. Nxf3 Qxf3 31. d6+ Kh8 32. Qf4 Qc6 33. e4
1-0

[Event "Bad Woerishofen sen"]
[Site "?"]
[Date "2007.03.08"]
[Round "1"]
[White "Schuler, Georg"]
[Black "Ljubarskij, Juij"]
[Result "0-1"]
[WhiteElo "2292"]
[BlackElo "1987"]
[PlyCount "62"]

1. c4 e5 2. Nc3 f5 3. g3 Nf6 4. Bg2 Be7 5. e3 O-O 6. Nge2 Nc6 7. O-O d6 8. b3
Qe8 9. Nb5 Bd8 10. Bb2 a6 11. Nbc3 Qh5 12. d4 Ng4 13. h3 Nf6 14. Nd5 e4 15.
Ndf4 Qf7 16. Nc3 Ne7 17. d5 g5 18. Nfe2 Ng6 19. Qd2 Ne5 20. f4 exf3 21. Bxf3
Nxf3+ 22. Rxf3 Qh5 23. Nd4 Qxh3 24. Qg2 Qxg2+ 25. Kxg2 Ng4 26. Raf1 Bf6 27.
Nxf5 Bxf5 28. Rxf5 Nxe3+ 29. Kg1 Nxf5 30. Kh2 Be5 31. Rf3 Nxg3 0-1

[Event "Bad Woerishofen sen"]
[Site "?"]
[Date "2007.03.08"]
[Round "1"]
[White "Zunker, Dr. Reinhard"]
[Black "Neumann, Erwin"]
[Result "1-0"]
[WhiteElo "2242"]
[BlackElo "1975"]
[PlyCount "87"]

1. e4 e5 2. Nf3 Nf6 3. d4 Nxe4 4. Bd3 d5 5. Nxe5 Be6 6. O-O Be7 7. c4 Nf6 8.
cxd5 Nxd5 9. Nc3 Nd7 10. f4 Nxe5 11. fxe5 Bg5 12. Re1 Nf4 13. Be4 c6 14. Bf3
O-O 15. Ne4 Bh6 16. Nd6 Qd7 17. Re4 g5 18. Re1 g4 19. Be4 f5 20. Bc2 Qg7 21.
Bb3 Nd5 22. Bxh6 Qxh6 23. Nxb7 f4 24. Qc1 Rac8 25. Nc5 Bf5 26. Rf1 Kh8 27. Bxd5
cxd5 28. Qxf4 Qg6 29. Qe3 Rfe8 30. Rf2 Rc6 31. Raf1 Be4 32. Rf6 Rxf6 33. Rxf6
Qg7 34. Qf4 Bg6 35. Ne6 Qe7 36. Nc5 Kg7 37. Qxg4 Rb8 38. b3 Rb4 39. h4 Kh8 40.
h5 Qxc5 41. hxg6 Qc1+ 42. Kh2 Qh6+ 43. Kg3 hxg6 44. Qc8+ 1-0

[Event "Bad Woerishofen op"]
[Site "?"]
[Date "2007.03.08"]
[Round "1"]
[White "Witte, Ronald"]
[Black "Bu, Xiangzhi"]
[Result "0-1"]
[WhiteElo "2092"]
[BlackElo "2644"]
[PlyCount "80"]

1. d4 d5 2. c4 c6 3. cxd5 cxd5 4. Nc3 Nc6 5. Nf3 Nf6 6. Bf4 Ne4 7. Qb3 e6 8. e3
g5 9. Be5 f6 10. Bg3 h5 11. h3 Nxg3 12. fxg3 Bd6 13. O-O-O Bxg3 14. e4 Ne7 15.
Bb5+ Kf8 16. Rhf1 Kg7 17. Kb1 h4 18. e5 Nf5 19. exf6+ Qxf6 20. Ne2 Bd6 21. Qd3
a6 22. Ba4 Rg8 23. Qd2 Kh8 24. Bc2 Bd7 25. Nc3 Raf8 26. Rfe1 Bg3 27. Re2 Be8
28. Ne5 Qd8 29. Ng4 Qd6 30. Ne5 Bh5 31. Ng4 Rg7 32. Qd3 b5 33. a3 Bxg4 34. hxg4
Nh6 35. Qe3 Rf6 36. Bf5 exf5 37. Qe8+ Rf8 38. Qh5 Qg6 39. Nxd5 fxg4+ 40. Qxg6
Rxg6 0-1

[Event "Bad Woerishofen op"]
[Site "?"]
[Date "2007.03.08"]
[Round "1"]
[White "Bromberger, Stefan"]
[Black "Hipp, Hermann"]
[Result "1-0"]
[WhiteElo "2495"]
[BlackElo "2072"]
[PlyCount "39"]

1. e4 c5 2. Nf3 Nc6 3. Nc3 d6 4. d4 cxd4 5. Nxd4 Nf6 6. Bg5 Qb6 7. Be3 Ng4 8.
Nd5 Qxb2 9. Rb1 Nxe3 10. fxe3 Qa3 11. Nxc6 bxc6 12. Nc7+ Kd8 13. Nxa8 Qxe3+ 14.
Qe2 Qc3+ 15. Qd2 Qe5 16. Be2 Qc5 17. Rf1 f6 18. Rb8 Qa3 19. Bg4 e6 20. Bxe6 1-0

[Event "Bad Woerishofen op"]
[Site "?"]
[Date "2007.03.08"]
[Round "1"]
[White "Langhoff, Wolfgang"]
[Black "Bartels , Holger"]
[Result "0-1"]
[WhiteElo "1817"]
[BlackElo "2143"]
[PlyCount "52"]

1. d4 d5 2. Bf4 Nf6 3. h3 c5 4. e3 Nc6 5. c3 Qb6 6. Qc1 cxd4 7. exd4 Bf5 8. Nf3
Rc8 9. Be3 h6 10. Na3 e6 11. Nc2 Bd6 12. Be2 O-O 13. O-O Rfe8 14. Rd1 Ne4 15.
Bd3 Bb8 16. Nh4 Qc7 17. f4 g5 18. Nxf5 exf5 19. Bxe4 Rxe4 20. g3 Rce8 21. Re1
Qe7 22. Qd2 Kh7 23. Kf2 gxf4 24. Bxf4 Bxf4 25. gxf4 Qh4+ 26. Kg2 Rg8+ 0-1

[Event "Bad Woerishofen op"]
[Site "?"]
[Date "2007.03.08"]
[Round "1"]
[White "Karpatchev, Alexander"]
[Black "Schmidt, Wolfgang"]
[Result "1-0"]
[WhiteElo "2478"]
[BlackElo "2071"]
[PlyCount "51"]

1. e4 Nf6 2. e5 Nd5 3. c4 Nb6 4. c5 Nd5 5. Bc4 e6 6. d4 b6 7. cxb6 axb6 8. Ne2
Ba6 9. Bxd5 exd5 10. Nbc3 Bb4 11. Nf4 Bb7 12. Nh5 Qh4 13. O-O Bxc3 14. Nxg7+
Kf8 15. Nf5 Qe4 16. Qh5 Rg8 17. g3 Bxd4 18. Qxh7 Qg4 19. Bh6+ Ke8 20. Bg7 Rxg7
21. Nxg7+ Ke7 22. Nf5+ Ke6 23. Qh6+ Kxe5 24. Nxd4 Qxd4 25. Rfe1+ Kf5 26. Qh5+
1-0

[Event "Bad Woerishofen op"]
[Site "?"]
[Date "2007.03.08"]
[Round "1"]
[White "Shahin, Walid"]
[Black "van der Weide, Karel"]
[Result "0-1"]
[WhiteElo "2078"]
[BlackElo "2476"]
[PlyCount "50"]

1. d4 Nf6 2. c4 g6 3. Nc3 d5 4. Bf4 Bg7 5. e3 O-O 6. Nf3 c5 7. Be2 cxd4 8. exd4
Nc6 9. cxd5 Nxd5 10. Bg3 Qa5 11. Qa4 Qxa4 12. Nxa4 Ndb4 13. O-O Nxd4 14. Nxd4
Bxd4 15. Rfd1 e5 16. a3 Nc6 17. Rac1 Bf5 18. b4 Rac8 19. Bf3 Rfe8 20. Bd5 Kg7
21. Kf1 f6 22. f3 Red8 23. Bb3 Be3 24. Rxd8 Bxc1 25. Rxc8 Bxc8 0-1

[Event "Bad Woerishofen op"]
[Site "?"]
[Date "2007.03.08"]
[Round "1"]
[White "Ris, Robert"]
[Black "von Saldern, Ruediger"]
[Result "1-0"]
[WhiteElo "2403"]
[BlackElo "2057"]
[PlyCount "57"]

1. d4 d5 2. Nf3 Nf6 3. c4 e6 4. Nc3 Be7 5. Bf4 O-O 6. e3 c6 7. Qc2 Nbd7 8. h3
a6 9. O-O-O dxc4 10. Bxc4 Nb6 11. Bd3 Nbd5 12. Nxd5 exd5 13. g4 g6 14. Ne5 Nd7
15. Kb1 Nxe5 16. dxe5 Bg5 17. Bh2 f5 18. f4 Bh6 19. gxf5 Bxf5 20. e4 Be6 21. f5
gxf5 22. exf5 Bf7 23. Rhg1+ Kh8 24. e6 Bg7 25. Rxg7 Kxg7 26. Be5+ Kg8 27. Rg1+
Bg6 28. fxg6 h6 29. g7 1-0

[Event "Bad Woerishofen op"]
[Site "?"]
[Date "2007.03.08"]
[Round "1"]
[White "Eichler, Gottfried"]
[Black "Sorm, Daniel"]
[Result "0-1"]
[WhiteElo "2050"]
[BlackElo "2400"]
[PlyCount "56"]

1. d4 d5 2. Nf3 c6 3. e3 Bg4 4. Nbd2 Nf6 5. b3 e6 6. h3 Bf5 7. Nh4 Be4 8. Nhf3
Nbd7 9. Bb2 Bd6 10. Be2 Qe7 11. O-O O-O 12. Ne5 Rad8 13. Re1 Bb8 14. a4 Nxe5
15. dxe5 Nd7 16. Ba3 c5 17. f3 Bf5 18. f4 f6 19. exf6 Nxf6 20. Nf3 Ne4 21. Qc1
Rf6 22. Nd4 Bxh3 23. Bf3 Rg6 24. Bxe4 dxe4 25. Re2 Qh4 26. Bxc5 Qh5 27. f5 Bxf5
28. Nxf5 Qh2+ 0-1

[Event "Bad Woerishofen op"]
[Site "?"]
[Date "2007.03.08"]
[Round "1"]
[White "Bronznik, Valeri"]
[Black "Ries, Berthold"]
[Result "1-0"]
[WhiteElo "2396"]
[BlackElo "2048"]
[PlyCount "53"]

1. d4 Nf6 2. c4 e6 3. Nc3 Bb4 4. f3 d5 5. a3 Bxc3+ 6. bxc3 O-O 7. cxd5 exd5 8.
e3 b6 9. Bd3 Re8 10. Ne2 c5 11. O-O Ba6 12. Ng3 Bxd3 13. Qxd3 cxd4 14. cxd4 Nc6
15. Bb2 Na5 16. e4 Nc4 17. Bc1 h6 18. e5 Nh7 19. f4 f6 20. Ra2 b5 21. Re2 Qb6
22. Kh1 a5 23. Rfe1 fxe5 24. dxe5 Qc5 25. Nf5 Ra6 26. Rd1 b4 27. a4 1-0

[Event "Bad Woerishofen op"]
[Site "?"]
[Date "2007.03.08"]
[Round "1"]
[White "Heika, Martin"]
[Black "Guggenberger, Guido"]
[Result "1-0"]
[WhiteElo "2394"]
[BlackElo "2042"]
[PlyCount "31"]

1. e4 e6 2. d4 d5 3. Nc3 Nf6 4. e5 Nfd7 5. f4 c5 6. Nce2 Nc6 7. Nf3 f6 8. c3
fxe5 9. fxe5 Be7 10. Nf4 Nb6 11. Bd3 Bd7 12. dxc5 Bxc5 13. b4 Be7 14. b5 Na5
15. Nd4 Qc7 16. Qh5+ 1-0

[Event "Bad Woerishofen op"]
[Site "?"]
[Date "2007.03.08"]
[Round "1"]
[White "Flemming, Achim"]
[Black "Anistratov, Dimitrij"]
[Result "0-1"]
[WhiteElo "2036"]
[BlackElo "2368"]
[PlyCount "46"]

1. d4 d6 2. e4 Nf6 3. Nc3 g6 4. Be2 Bg7 5. h4 h5 6. Bg5 c6 7. Qd2 b5 8. f3 Nbd7
9. a4 b4 10. Nd1 a5 11. Nh3 c5 12. c3 O-O 13. O-O Rb8 14. Ne3 cxd4 15. cxd4 Nh7
16. Bf4 e5 17. dxe5 dxe5 18. Bg3 Nc5 19. Qxd8 Rxd8 20. Nc4 Nb3 21. Rad1 Ba6 22.
Rfe1 Rxd1 23. Rxd1 Rc8 0-1

[Event "Bad Woerishofen sen"]
[Site "?"]
[Date "2007.03.08"]
[Round "1"]
[White "Scheidt, Eugen"]
[Black "Schmid, Hermann"]
[Result "0-1"]
[WhiteElo "1993"]
[BlackElo "2170"]
[PlyCount "70"]

1. e4 c6 2. d4 d5 3. Nc3 dxe4 4. Nxe4 Bf5 5. Ng3 Bg6 6. h4 h6 7. Nf3 Nd7 8. Bd3
Bxd3 9. Qxd3 Qc7 10. Be3 Ngf6 11. c4 e6 12. O-O-O O-O-O 13. Kb1 c5 14. dxc5
Bxc5 15. Bxc5 Nxc5 16. Qe2 Ng4 17. Rhf1 Rxd1+ 18. Rxd1 Rd8 19. Rxd8+ Qxd8 20.
Nd2 Qd3+ 21. Qxd3 Nxd3 22. Nge4 Ndxf2 23. Nd6+ Kc7 24. Nxf7 Ne3 25. g3 Nf5 26.
Nf1 Ne4 27. g4 Nxh4 28. Ne3 Ng6 29. Kc2 Nd6 30. Nxd6 Kxd6 31. Kd3 Ke5 32. Ng2
Nf4+ 33. Nxf4 Kxf4 34. b4 Ke5 35. Ke3 g6 0-1

[Event "Bad Woerishofen sen"]
[Site "?"]
[Date "2007.03.08"]
[Round "1"]
[White "Packroff, Hermann"]
[Black "Zohr, Adelbert"]
[Result "1/2-1/2"]
[WhiteElo "2208"]
[BlackElo "2076"]
[PlyCount "74"]

1. d4 Nf6 2. Bg5 e6 3. e4 Be7 4. Nc3 d6 5. Nf3 Nbd7 6. Qd2 h6 7. Bf4 a6 8. h3
b5 9. e5 b4 10. Nd1 Nd5 11. Bg3 dxe5 12. Nxe5 Nxe5 13. dxe5 O-O 14. Bd3 Bg5 15.
f4 Bh4 16. Qf2 Be7 17. O-O c5 18. Ne3 Nxe3 19. Qxe3 Qc7 20. Be4 Bb7 21. Qf3
Bxe4 22. Qxe4 Rad8 23. Rfd1 Rd7 24. Qe2 Rfd8 25. Bf2 a5 26. Kf1 Qc6 27. Rxd7
Qxd7 28. Re1 Qd5 29. b3 a4 30. Qe4 axb3 31. axb3 Qd7 32. Ra1 g6 33. Kg1 Kg7 34.
Be3 Qb5 35. Kf2 Qd7 36. Ra8 Qd1 37. Rxd8 Qxd8 1/2-1/2

[Event "Bad Woerishofen sen"]
[Site "?"]
[Date "2007.03.08"]
[Round "1"]
[White "Wulf, Adalbert"]
[Black "Teichmeister, Sven Dr."]
[Result "1/2-1/2"]
[WhiteElo "1985"]
[BlackElo "2128"]
[PlyCount "61"]

1. d4 Nf6 2. Nf3 e6 3. Bg5 c5 4. c3 Qb6 5. Qb3 Nc6 6. Nbd2 d5 7. e3 Be7 8. Qxb6
axb6 9. Bd3 c4 10. Be2 b5 11. O-O O-O 12. a3 Re8 13. Rfc1 h6 14. Bf4 Bd7 15.
Ne5 Ra6 16. Rab1 Rc8 17. Nxd7 Nxd7 18. e4 Nf6 19. e5 Nh7 20. Be3 f5 21. exf6
Nxf6 22. g3 Re8 23. Bf3 Bd6 24. Rd1 Raa8 25. Be2 Rad8 26. h3 e5 27. dxe5 Bxe5
28. Bb6 Rd7 29. Bf3 Bc7 30. Bxc7 Rxc7 31. Nf1 1/2-1/2

[Event "Bad Woerishofen op"]
[Site "?"]
[Date "2007.03.08"]
[Round "1"]
[White "Husser, Oskar"]
[Black "Galdunts, Sergey"]
[Result "0-1"]
[WhiteElo "2073"]
[BlackElo "2502"]
[PlyCount "48"]
[EventDate "2007.??.??"]

1. Nf3 d6 2. c4 e5 3. d3 g6 4. Nc3 Bg7 5. g3 f5 6. Bg2 Nf6 7. Bg5 h6 8. Bd2 O-O
9. Qc2 Re8 10. e4 Nc6 11. Be3 g5 12. O-O-O f4 13. Bd2 g4 14. Nh4 Nd4 15. Qa4 f3
16. Bf1 c6 17. h3 b5 18. Qa3 a5 19. b4 Be6 20. Be3 axb4 21. Qxb4 bxc4 22. dxc4
Qc7 23. Qb2 Reb8 24. Qd2 Qa5 0-1

[Event "Bad Woerishofen op"]
[Site "?"]
[Date "2007.03.08"]
[Round "1"]
[White "Zoll, Detlef"]
[Black "Savchenko, Stanislav"]
[Result "0-1"]
[WhiteElo "2080"]
[BlackElo "2525"]
[PlyCount "42"]
[EventDate "2007.??.??"]

1. d4 d5 2. Nc3 Nf6 3. Bg5 Nbd7 4. f3 h6 5. Bh4 c6 6. e4 dxe4 7. Bc4 Qa5 8. Qd2
e5 9. Nge2 Bb4 10. O-O-O exd4 11. Nxd4 O-O 12. Nb3 Qh5 13. Bxf6 Nxf6 14. Qe3
exf3 15. gxf3 Re8 16. Ne4 Nxe4 17. fxe4 Be6 18. Be2 Qe5 19. Rdg1 Kh8 20. Bd3
Bxb3 21. axb3 Bc5 0-1

[Event "Bad Woerishofen op"]
[Site "?"]
[Date "2007.03.08"]
[Round "1"]
[White "Levin, Felix"]
[Black "Goris, Ton"]
[Result "1-0"]
[WhiteElo "2510"]
[BlackElo "2070"]
[PlyCount "69"]
[EventDate "2007.??.??"]

1. d4 e6 2. c4 Nf6 3. Nf3 c5 4. d5 exd5 5. cxd5 d6 6. Nc3 g6 7. e4 Bg7 8. h3
O-O 9. Bd3 b5 10. O-O b4 11. Ne2 Ba6 12. Bxa6 Nxa6 13. Ng3 Nc7 14. Bf4 h6 15.
a4 bxa3 16. Rxa3 Re8 17. Qd3 a6 18. Nd2 Nb5 19. Ra2 Nd7 20. Nc4 Nb6 21. Na5 Qd7
22. Be3 Nc8 23. Nc4 Kh7 24. f4 Bd4 25. Bxd4 Nxd4 26. e5 dxe5 27. fxe5 Qxd5 28.
Ne4 Kg7 29. Nf6 Qe6 30. Nxe8+ Qxe8 31. b4 Nc6 32. Raf2 Ra7 33. bxc5 Nxe5 34.
Qd4 Re7 35. Nxe5 1-0

[Event "Bad Woerishofen op"]
[Site "?"]
[Date "2007.03.08"]
[Round "1"]
[White "Espig, Lutz"]
[Black "Mittelbachert, Ulrich"]
[Result "1-0"]
[WhiteElo "2350"]
[BlackElo "2025"]
[PlyCount "71"]
[EventDate "2007.??.??"]

1. Nf3 g6 2. e4 c6 3. d4 d5 4. Nc3 Bg4 5. Be2 dxe4 6. Nxe4 Bxf3 7. Bxf3 Bg7 8.
c3 Nh6 9. Qb3 Qb6 10. Nc5 Qxb3 11. axb3 b6 12. Na4 Nd7 13. Bxc6 Rd8 14. O-O O-O
15. Re1 Nb8 16. Bb5 Nf5 17. Bg5 Nd6 18. Bd3 Bf6 19. Bxf6 exf6 20. b4 Nc6 21. b5
Nb8 22. Re7 Nc8 23. Rc7 Rfe8 24. Kf1 Kf8 25. Re1 f5 26. b3 Nd7 27. Bc4 Nd6 28.
Rxa7 Ne4 29. f3 Nd2+ 30. Kf2 f4 31. Rxe8+ Kxe8 32. Bd5 Kf8 33. Ke2 Nb1 34. Be4
Na3 35. Bc6 Re8+ 36. Kd1 1-0

[Event "Bad Woerishofen op"]
[Site "?"]
[Date "2007.03.08"]
[Round "1"]
[White "Loew, Gerald"]
[Black "Vonach, Bernhard Dr."]
[Result "1-0"]
[WhiteElo "2285"]
[BlackElo "2010"]
[PlyCount "29"]
[EventDate "2007.??.??"]

1. c4 b6 2. Nc3 Bb7 3. e4 e6 4. Nf3 Bb4 5. Bd3 Nf6 6. Qe2 O-O 7. a3 Bxc3 8.
dxc3 d5 9. e5 dxc4 10. Bc2 Nd5 11. Bxh7+ Kxh7 12. Ng5+ Kg6 13. Qe4+ f5 14.
exf6+ Kxf6 15. Qxe6# 1-0

[Event "Bad Woerishofen op"]
[Site "?"]
[Date "2007.03.08"]
[Round "1"]
[White "Romanishin, Olex"]
[Black "Woerle, Richard"]
[Result "1-0"]
[WhiteElo "2570"]
[BlackElo "2090"]
[PlyCount "83"]
[EventDate "2007.??.??"]

1. d4 d5 2. Nf3 Bf5 3. c4 e6 4. Qb3 b6 5. Nc3 c6 6. Bf4 Nf6 7. e3 Be7 8. Bxb8
Rxb8 9. Ne5 Rc8 10. Qa4 Ne4 11. Nxc6 Qd7 12. Nxe7 Qxa4 13. Nxa4 Kxe7 14. f3 Nf6
15. cxd5 e5 16. dxe5 Nxd5 17. e4 Nb4 18. exf5 Nc2+ 19. Kd2 Rhd8+ 20. Bd3 Nb4
21. Rac1 Rxd3+ 22. Ke2 Rcd8 23. Rhd1 Rxd1 24. Rxd1 Rxd1 25. Kxd1 Nd3 26. f6+
gxf6 27. exf6+ Kxf6 28. Kd2 Ne5 29. Ke3 Ke6 30. Kd4 Kd6 31. Nc3 Nc6+ 32. Ke4
Ke6 33. g4 Na5 34. Nb5 Nc4 35. b3 Nd2+ 36. Ke3 Nb1 37. Kd3 a6 38. Nc3 Na3 39.
f4 h6 40. Na4 b5 41. Nc5+ Kd5 42. Nxa6 1-0

[Event "Bad Woerishofen op"]
[Site "?"]
[Date "2007.??.08"]
[Round "1"]
[White "Will, Matthias"]
[Black "Fischer, Johann"]
[Result "0-1"]
[WhiteElo "2020"]
[BlackElo "2310"]
[PlyCount "56"]
[EventDate "2007.??.??"]

1. d4 Nf6 2. Nf3 e6 3. Bg5 h6 4. Bh4 c5 5. e3 Nc6 6. c3 g5 7. Bg3 Ne4 8. Nbd2
Nxg3 9. hxg3 cxd4 10. exd4 Bg7 11. Bd3 b6 12. Qe2 Bb7 13. Ba6 Bxa6 14. Qxa6 O-O
15. O-O-O d5 16. Qd3 Qf6 17. Rdf1 Rfc8 18. Kb1 b5 19. Ne5 Nxe5 20. dxe5 Qxe5
21. f4 gxf4 22. gxf4 Qf6 23. f5 b4 24. fxe6 Qxe6 25. cxb4 Qe5 26. Qb3 a5 27.
Rh3 a4 28. Qa3 Ra6 0-1

[Event "Bad Woerishofen op"]
[Site "?"]
[Date "2007.03.08"]
[Round "1"]
[White "Salvermoser, Bernd"]
[Black "Specht, Helmut"]
[Result "1-0"]
[WhiteElo "2300"]
[BlackElo "2020"]
[PlyCount "49"]
[EventDate "2007.??.??"]

1. d4 d5 2. c4 e6 3. Nc3 Nf6 4. cxd5 exd5 5. Bg5 Be7 6. e3 c6 7. Qc2 h6 8. Bh4
Ne4 9. Bxe7 Qxe7 10. Nxd5 cxd5 11. Qxc8+ Qd8 12. Bb5+ Nc6 13. Bxc6+ bxc6 14.
Qxc6+ Kf8 15. Ne2 g6 16. O-O Kg7 17. Nf4 Nf6 18. Rfc1 g5 19. Nd3 Qe7 20. Qc7
Qe6 21. Qe5 Qb6 22. Nc5 Rad8 23. Rab1 Rhe8 24. Qf5 Ne4 25. Nxe4 1-0

[Event "Bad Woerishofen op"]
[Site "?"]
[Date "2007.03.08"]
[Round "1"]
[White "Reinke, Kurt"]
[Black "Lupor, Andre"]
[Result "0-1"]
[WhiteElo "2015"]
[BlackElo "2285"]
[PlyCount "64"]
[EventDate "2007.??.??"]

1. d4 Nf6 2. c4 g6 3. Nc3 Bg7 4. e4 d6 5. f3 O-O 6. Be3 c5 7. Nge2 Qa5 8. Qd2
Nc6 9. Rd1 a6 10. d5 Ne5 11. Ng3 b5 12. cxb5 axb5 13. Bxb5 Ba6 14. a4 Bxb5 15.
Nxb5 Qxa4 16. Nc3 Qa6 17. Nge2 Nc4 18. Qc1 Rfb8 19. O-O Nxb2 20. Rd2 Nc4 21.
Rdd1 Nxe3 22. Qxe3 Nd7 23. f4 Rb3 24. Qh3 Nf8 25. Rf3 Qc4 26. e5 dxe5 27. fxe5
Bxe5 28. Rdf1 f5 29. d6 exd6 30. Rd3 Raa3 31. Rc1 Ne6 32. Qf3 Nd4 0-1

[Event "Bad Woerishofen op"]
[Site "?"]
[Date "2007.03.09"]
[Round "2"]
[White "Weidlich, Guenter"]
[Black "Ris, Robert"]
[Result "0-1"]
[WhiteElo "2136"]
[BlackElo "2403"]
[PlyCount "20"]

1. d4 d5 2. Nf3 Nf6 3. c4 e6 4. g3 dxc4 5. Qa4+ Nc6 6. Qxc4 Nd7 7. Bg2 Nb6 8.
Qd3 e5 9. Nxe5 Nb4 10. Qe4 f5 0-1

[Event "Bad Woerishofen sen"]
[Site "?"]
[Date "2007.03.09"]
[Round "2"]
[White "Mueller, Manfred"]
[Black "Zunker, Reinhard Dr."]
[Result "0-1"]
[WhiteElo "2125"]
[BlackElo "2242"]
[PlyCount "56"]

1. e4 c5 2. Nf3 d6 3. d4 cxd4 4. Nxd4 Nf6 5. Nc3 a6 6. Be2 e6 7. O-O Be7 8. Be3
Qc7 9. Qd2 b5 10. a3 Bb7 11. Bd3 Nbd7 12. f4 Nc5 13. e5 dxe5 14. Bxb5+ axb5 15.
Ndxb5 Qc6 16. fxe5 Nfe4 17. Nxe4 Nxe4 18. Qe2 Bc5 19. Bxc5 Qxc5+ 20. Kh1 O-O
21. Rae1 Qxe5 22. c4 Rad8 23. Nc3 f5 24. Qc2 Qc7 25. Nb5 Qb6 26. Re2 Rd7 27. a4
Rfd8 28. c5 Qxc5 0-1

[Event "Bad Woerishofen sen"]
[Site "?"]
[Date "2007.03.09"]
[Round "2"]
[White "Paulsen, Eckart"]
[Black "Litterst, Reinhard"]
[Result "0-1"]
[WhiteElo "1851"]
[BlackElo "2098"]
[PlyCount "74"]

1. d4 Nf6 2. Nf3 d6 3. Nbd2 g6 4. e4 Bg7 5. Bd3 O-O 6. O-O c6 7. Re1 Qc7 8. c3
e5 9. a4 Ne8 10. Nc4 Bg4 11. dxe5 dxe5 12. Ne3 Bxf3 13. Qxf3 Nd7 14. Ng4 Nc5
15. Bh6 Rd8 16. Rad1 Bxh6 17. Nxh6+ Kg7 18. Ng4 h5 19. Ne3 Rxd3 20. Rxd3 Nxd3
21. Nf5+ gxf5 22. Qxd3 f4 23. Qh3 Rh8 24. Rd1 Nf6 25. Qf5 Rh6 26. c4 Rg6 27. c5
Qa5 28. Qxe5 Qxa4 29. Re1 Qb4 30. Kf1 Qd2 31. Re2 Qd1+ 32. Re1 Qd3+ 33. Kg1 Qf3
34. g3 fxg3 35. hxg3 h4 36. Re3 Qd1+ 37. Kg2 h3+ 0-1

[Event "Bad Woerishofen op"]
[Site "?"]
[Date "2007.03.09"]
[Round "2"]
[White "Wolfram, Giesbert"]
[Black "Eichler, Gottfried"]
[Result "1/2-1/2"]
[WhiteElo "1801"]
[BlackElo "2050"]
[PlyCount "41"]

1. Nf3 c5 2. g3 e6 3. Bg2 Nc6 4. O-O Be7 5. d3 d5 6. Nbd2 Nf6 7. e4 O-O 8. Re1
b6 9. b3 Bb7 10. exd5 exd5 11. Bb2 Nd7 12. Nf1 Bf6 13. Bxf6 Nxf6 14. Ne3 d4 15.
Nc4 Nb4 16. Qd2 Nbd5 17. Ng5 Rb8 18. Ne4 Re8 19. a4 Nxe4 20. Rxe4 Rxe4 21. Bxe4
1/2-1/2

[Event "Bad Woerishofen op"]
[Site "?"]
[Date "2007.03.09"]
[Round "2"]
[White "Schmitzer, Peter"]
[Black "Espig, Lutz"]
[Result "1-0"]
[WhiteElo "2113"]
[BlackElo "2351"]
[PlyCount "55"]

1. d4 Nf6 2. Bg5 g6 3. Nc3 d5 4. e3 Bg7 5. Be2 b6 6. Nf3 Bb7 7. O-O O-O 8. Ne5
c5 9. Bh4 Nc6 10. f4 cxd4 11. exd4 Ne4 12. Nxe4 dxe4 13. c3 Nxe5 14. fxe5 f6
15. exf6 exf6 16. Qb3+ Kh8 17. Rad1 g5 18. Bg3 f5 19. Be5 f4 20. Bxg7+ Kxg7 21.
d5 Qd6 22. c4 Rad8 23. Qc3+ Qf6 24. Rd4 Rfe8 25. Rfd1 Bc8 26. h3 Qe5 27. Bh5
Re7 28. Rxe4 1-0

[Event "Bad Woerishofen op"]
[Site "?"]
[Date "2007.03.09"]
[Round "2"]
[White "Ries, Berthold"]
[Black "Rothenhagen, Siegfried"]
[Result "1-0"]
[WhiteElo "2048"]
[BlackElo "1861"]
[PlyCount "81"]

1. e4 d5 2. exd5 Qxd5 3. Nc3 Qd6 4. d4 Nf6 5. Nf3 Bg4 6. Be2 e6 7. h3 Bxf3 8.
Bxf3 c6 9. O-O Be7 10. Re1 O-O 11. Be3 Nbd7 12. Qe2 Nb6 13. Rad1 Nbd5 14. Nxd5
Nxd5 15. Bc1 Rac8 16. c4 Nc7 17. g3 Bf6 18. Bf4 Qb4 19. b3 Rfd8 20. Be5 Bxe5
21. dxe5 Qe7 22. Qe3 a6 23. Qb6 Na8 24. Qa5 Nc7 25. Kg2 Rxd1 26. Rxd1 Rd8 27.
Rxd8+ Qxd8 28. Qb6 Qc8 29. b4 Na8 30. Qc5 Qd7 31. a4 Nc7 32. b5 axb5 33. cxb5
cxb5 34. a5 Nd5 35. Qa7 Qc8 36. Bxd5 exd5 37. Qb6 Qd7 38. a6 g6 39. axb7 Qf5
40. b8=Q+ Kg7 41. Qf6+ 1-0

[Event "Bad Woerishofen op"]
[Site "?"]
[Date "2007.03.09"]
[Round "2"]
[White "van der Weide, Karel"]
[Black "Roemhild, Marcus"]
[Result "1-0"]
[WhiteElo "2476"]
[BlackElo "2167"]
[PlyCount "55"]

1. e4 c5 2. Nf3 g6 3. d4 cxd4 4. Nxd4 Nc6 5. Nc3 Bg7 6. Be3 Nf6 7. Bc4 O-O 8.
Bb3 a5 9. O-O d6 10. Ndb5 Ng4 11. Bg5 Bd7 12. a4 Nb4 13. Qe2 Rc8 14. Rad1 Nf6
15. h3 Re8 16. Be3 Na6 17. f4 Nc5 18. e5 Nh5 19. Qf2 Bxb5 20. Nxb5 Ne4 21. Qf3
Neg3 22. Rfe1 Bh6 23. exd6 Qd7 24. dxe7 Qxe7 25. Nd6 Rf8 26. Nxc8 Rxc8 27. Bc1
Qh4 28. Qg4 1-0

[Event "Bad Woerishofen op"]
[Site "?"]
[Date "2007.03.09"]
[Round "2"]
[White "Hornung, Hans Dr."]
[Black "Pluemer, Detlef"]
[Result "0-1"]
[WhiteElo "2190"]
[BlackElo "2201"]
[PlyCount "72"]

1. g3 d5 2. Nf3 c6 3. Bg2 Bg4 4. b3 Nd7 5. Bb2 Ngf6 6. d3 e6 7. Nbd2 Be7 8. O-O
O-O 9. Qe1 Qa5 10. a3 Rfd8 11. e4 dxe4 12. dxe4 Qh5 13. e5 Nd5 14. Kh1 Bh3 15.
c4 Bxg2+ 16. Kxg2 N5b6 17. Ne4 Nc5 18. Nxc5 Bxc5 19. Qe4 Qg6 20. Qxg6 hxg6 21.
Rfd1 Be7 22. Bd4 Kf8 23. Kf1 Ke8 24. Ke2 Rd7 25. a4 Rad8 26. a5 Nc8 27. c5 Rd5
28. b4 a6 29. Bb2 f6 30. Rxd5 Rxd5 31. Rd1 Na7 32. Rxd5 cxd5 33. Nd4 fxe5 34.
Nxe6 Kd7 35. Nxg7 Bf6 36. Kf3 e4+ 0-1

[Event "Bad Woerishofen op"]
[Site "?"]
[Date "2007.03.09"]
[Round "2"]
[White "Savchenko, Stanislav"]
[Black "Sargin, Anatol"]
[Result "1-0"]
[WhiteElo "2525"]
[BlackElo "2186"]
[PlyCount "57"]

1. d4 d5 2. c4 c6 3. Nf3 e6 4. Qc2 f5 5. Bf4 Nf6 6. e3 Be7 7. Nc3 O-O 8. Bd3
Ne4 9. g4 Na6 10. a3 Qa5 11. Ke2 c5 12. gxf5 Nxc3+ 13. Qxc3 Qb6 14. Rhg1 Bf6
15. Be5 cxd4 16. Bxd4 Bxd4 17. Qxd4 Qxd4 18. Nxd4 e5 19. Ne6 Bxe6 20. fxe6 e4
21. Bc2 Rac8 22. Rac1 dxc4 23. Bxe4 Rc7 24. Bd5 Rfc8 25. e7+ Kh8 26. Rxc4 Re8
27. Rxc7 Nxc7 28. Bxb7 Rb8 29. Rc1 1-0